01995cam a22003854i 4500003000900000005001700009008004100026040003300067082002300100100002900123245009800152264006200250300005900312336002100371337002500392338002300417505077500440526000901215526000901224526000901233526000901242526000901251526000901260526000801269526000801277526000801285526000801293526000801301526000801309651004501317942001201362980005501374999001701429952016301446PE-LiUPU20250731184550.0150625s r 000 0 d aPE-LiUPUbspacPE-LiUPUerda04a989.902bP987v2231 aPusso, Santiago,eautor.10aViajes por mi tierra al Iguazú, a Nahuel Huapí, por las costas del sur /cSantiago Pusso. 1aBarcelona, Buenos Aires :bCasa Editorial Maucci,c[1912] a333 páginas :bilustrado, mapas ;c19 centímetros. atext2rdacontent aunmediated2rdamedia avolume2rdacarrier0 aAl lector. - Al Iguazú. - Las ruinas de San Ignacio. - Cataratas del Iguazú. - A Nahuel Huapi. - Mendoza. - Valparaíso. - Santiago. - Concepción, Talcahuano y Coronel. - Lota. - Osorno. - Puerto Montt. - Puerto Varas y Lago Llanquihué. - Lago de Todos los Santos ó Esmeralda. - Boquete de Pérez Rosales. - Lago Frío. - Puerto Blest y San Carlos de Bariloche. - Nahuel Huapí. - Puertos Manzano y Rinconada. - Río Limay. - Lago Gutiérrez. - Corrales. - Valdivia. - Por las costas del sur. - Madryn. - Trelew. - Cabo Raso. - Camarones. - Mazaredo. - Cabo Blanco. - Deseado. - Bahía Laura. - San Julián. - Santa Cruz. - Gallegos. - Estrecho de Magallanes. - Punta Arenas. - Canal Beagle. - La Pataia. - Ushuaia. - Harberton. - Comodoro Rivadavia. aP136 aP135 aP134 aP133 aP144 aP143 aP87 aP35 aP20 aP14 aP10 aP0614aArgentinaxDescripciones y viajes.94644 2ddccBK 81gALBERTO SANCHEZ Responsable de Automatización c41341d41341 r2025-12-03 00:00:00i6l0o989.902 P987vp14992te1w2015-06-25xFACIHEDyBKzinventario-2023-12-13102ddc50708GENfP20aBULbBULcGENd2015-06-25eCOMPRA